[Event "Oberwart op"]
[Site "?"]
[Date "1996.??.??"]
[Round "5"]
[White "Lerner Konstantin Z"]
[Black "Gleizerov Evgeny"]
[Result "1/2-1/2"]
[WhiteElo "2580"]
[BlackElo "2545"]
[PlyCount "38"]
[EventDate "1996.??.??"]
[Source "www.chesslib.no"]
[SourceDate "2004.05.04"]

1. Nf3 d5 2. c4 d4 3. g3 g6 4. Bg2 Bg7 5. O-O e5 6. e3 dxe3 7. dxe3 Qd7 8. Nc3 Nf6 9. b3 O-O 10. Bb2 c6 11. Qc1 Rd8 12. Ba3 Qe8 13. Qc2 Bf5 14. e4 Bg4 15. Ne1 Na6 16. h3 Be6 17. Nd3 Nd7 18. Ne2 b6 19. Rad1 Ndc5 1/2-1/2

[Event "Open"]
[Site "Andorra"]
[Date "2007.07.06"]
[Round "7.6"]
[White "Damljanovic, Branko"]
[Black "De la Riva Aguado, Oscar"]
[Result "1/2-1/2"]
[WhiteElo "2585"]
[BlackElo "2525"]
[PlyCount "58"]
[EventDate "2007.06.30"]
[Source "www.chesslib.no"]
[SourceDate "2004.05.04"]

1. Nf3 d5 2. c4 d4 3. g3 g6 4. d3 Bg7 5. Bg2 e5 6. Nbd2 Ne7 7. b4 O-O 8. Nb3 Nd7 9. O-O Rb8 10. a4 b6 11. Ba3 Bb7 12. Qc2 Re8 13. b5 c5 14. bxc6 Bxc6 15. Rfb1 Nf5 16. Nbd2 Qc7 17. Ne1 Bxg2 18. Nxg2 Nc5 19. a5 Nd6 20. a6 f5 21. Bxc5 bxc5 22. Qa4 Bf8 23. h4 Rec8 24. Nf3 Bg7 25. Ng5 Rxb1+ 26. Rxb1 Qe7 27. f4 e4 28. Rb2 h6 29. Nh3 Kf7 1/2-1/2

[Event "CCCA"]
[Site "?"]
[Date "1996.07.15"]
[Round "?"]
[White "Redolfi Rodolfo Argentino ("]
[Black "Ostermann Georg (FIN)"]
[Result "1-0"]
[WhiteElo "2515"]
[BlackElo "2595"]
[PlyCount "91"]
[EventDate "1996.??.??"]
[Source "www.chesslib.no"]
[SourceDate "2004.05.04"]

1. Nf3 d5 2. c4 d4 3. g3 Nc6 4. Bg2 e5 5. d3 Nf6 6. O-O Nd7 7. a3 a5 8. b3 Bc5 9. Nbd2 O-O 10. Ne1 f5 11. Rb1 Qe7 12. Nc2 Rb8 13. Bd5+ Kh8 14. Nf3 Nd8 15. b4 axb4 16. axb4 Bb6 17. Bg5 Qe8 18. Bxd8 Qxd8 19. Be6 c6 20. Bxd7 Bxd7 21. Nxe5 f4 22. Nxd7 Qxd7 23. Ne1 Qh3 24. Nf3 Rf5 25. Kh1 fxg3 26. fxg3 Rbf8 27. Rf2 Bc7 28. Ng5 Qh5 29. Rxf5 Rxf5 30. Ne4 h6 31. Kg2 Kh7 32. Ra1 Be5 33. Ra7 Rf7 34. h3 Qg6 35. Qg1 Rf4 36. Kh2 Rf7 37. Qg2 Qe6 38. Kg1 Qe8 39. Ra1 Qe6 40. Rf1 Re7 41. h4 b5 42. c5 Ra7 43. Qf3 Ra4 44. Qf5+ Qxf5 45. Rxf5 Bf6 46. Nxf6+ 1-0

[Event "XXXIII Open"]
[Site "Sevilla ESP"]
[Date "2008.01.07"]
[Round "3"]
[White "Roeder, M."]
[Black "Korneev, O."]
[Result "1/2-1/2"]
[WhiteElo "2461"]
[BlackElo "2645"]
[PlyCount "73"]
[EventDate "2008.01.05"]
[Source "www.chesslib.no"]
[SourceDate "2004.05.04"]

1. Nf3 d5 2. c4 d4 3. g3 g6 4. b4 Bg7 5. d3 e5 6. Nbd2 Ne7 7. Nb3 O-O 8. Bg2 h6 9. O-O Nd7 10. Re1 Rb8 11. e3 dxe3 12. Bxe3 b6 13. Bd2 Nf5 14. b5 Re8 15. Rc1 Bb7 16. Bc3 a5 17. a4 c5 18. Qc2 Qc7 19. Re2 Re6 20. Rce1 Rbe8 21. Nbd2 Nd4 22. Bxd4 cxd4 23. Nb3 Bf8 24. Nfd2 Bxg2 25. Kxg2 Bb4 26. f3 Kg7 27. Rh1 f5 28. h3 Nf6 29. Rc1 Nd7 30. Rg1 Bxd2 31. Qxd2 Nc5 32. Nxc5 Qxc5 33. Rge1 g5 34. g4 e4 35. dxe4 fxe4 36. Rxe4 Qxc4 37. Rc1 1/2-1/2

[Event "Campionato europeo 2007"]
[Site "Dresda GER"]
[Date "2007.04.13"]
[Round "10.73"]
[White "Damljanovic, Branko"]
[Black "Romanov, Evgeny"]
[Result "1-0"]
[WhiteElo "2585"]
[BlackElo "2520"]
[PlyCount "91"]
[EventDate "2007.04.03"]
[Source "www.chesslib.no"]
[SourceDate "2004.05.04"]

1. Nf3 d5 2. c4 d4 3. b4 g6 4. d3 Bg7 5. Nbd2 e5 6. g3 a5 7. b5 b6 8. Bg2 Bb7 9. O-O Nd7 10. Ba3 Ne7 11. Qc2 O-O 12. Rad1 Re8 13. Rfe1 Rb8 14. Nh4 Bxg2 15. Nxg2 Nf5 16. e4 dxe3 17. fxe3 Nf8 18. Ne4 Ne6 19. Rf1 h5 20. Qf2 Nh6 21. Kh1 f5 22. Nc3 Ng4 23. Qe1 Ng5 24. e4 Nh3 25. Nd5 Bf8 26. Bc1 Bc5 27. Nge3 Bxe3 28. Bxe3 Rf8 29. exf5 gxf5 30. Kg2 f4 31. Bxf4 Qe7 32. Qe4 Nxf4+ 33. gxf4 Qg7 34. Kh1 exf4 35. Ne7+ Kh8 36. Ng6+ Kg8 37. Nxf8 Rxf8 38. Qd5+ Qf7 39. Qxf7+ Rxf7 40. Rde1 Ne3 41. Rxe3 fxe3 42. Rxf7 Kxf7 43. Kg2 Kf6 44. Kf3 Kg5 45. Kxe3 Kg4 46. d4 1-0

[Event "II ch-Ibero-Americano Gp A"]
[Site "Morelia MEX"]
[Date "2008.02.17"]
[Round "3"]
[White "Gonzalez Zamora, J."]
[Black "De la Riva Aguado, O."]
[Result "1-0"]
[WhiteElo "2556"]
[BlackElo "2548"]
[PlyCount "75"]
[EventDate "2008.02.15"]
[Source "www.chesslib.no"]
[SourceDate "2004.05.04"]

1. Nf3 d5 2. c4 d4 3. g3 g6 4. d3 Bg7 5. Bg2 e5 6. O-O Ne7 7. b4 a5 8. b5 c5 9. bxc6 Nexc6 10. Na3 O-O 11. Nb5 Na6 12. Ng5 Qe7 13. Ne4 Rd8 14. Rb1 h6 15. Ba3 Nab4 16. Qa4 Ra6 17. Bb2 f5 18. Ned6 Ra8 19. Nxc8 Raxc8 20. Ba3 e4 21. Na7 Ra8 22. Nxc6 Qe8 23. dxe4 fxe4 24. Bxe4 bxc6 25. Bf3 Nxa2 26. Bxc6 Qe5 27. Bxa8 Rxa8 28. Qc6 Rd8 29. Rb5 Qxe2 30. Rb2 Nb4 31. Qxg6 Qxc4 32. Bxb4 axb4 33. Rfb1 d3 34. Rxb4 Qd5 35. Rb7 Qd4 36. Rd1 Rf8 37. Rxg7+ Qxg7 38. Qxg7+ 1-0

[Event "Aosta 72/6"]
[Site "?"]
[Date "1998.??.??"]
[Round "?"]
[White "Vera, Reynaldo"]
[Black "Miladinovic, Igor"]
[Result "1-0"]
[WhiteElo "2535"]
[BlackElo "2565"]
[PlyCount "107"]
[EventDate "1998.??.??"]
[Source "ChessBase"]
[SourceDate "1998.02.01"]

1. Nf3 d5 2. c4 d4 3. g3 g6 4. Bg2 Bg7 5. O-O e5 6. d3 Ne7 7. e3 dxe3 8. Bxe3 e4 9. Ne1 Bxb2 10. Nd2 exd3 11. Rb1 Bg7 12. Rxb7 Bxb7 13. Bxb7 Nd7 14. Bxa8 Qxa8 15. Nxd3 O-O 16. Qf3 Qxf3 17. Nxf3 Nb6 18. Bc5 Rd8 19. Nb4 Nec8 20. Re1 Bc3 21. Rc1 Bb2 22. Rc2 Bf6 23. Kg2 g5 24. Nc6 Re8 25. Bd4 Re6 26. Bxf6 Rxc6 27. c5 Nd7 28. Bxg5 Rxc5 29. Re2 f6 30. Be3 Rd5 31. Bf4 Nd6 32. Re7 Nf5 33. Re8+ Kf7 34. Rc8 c5 35. Nd2 Ne7 36. Rc7 a6 37. Nc4 Rd4 38. Nd6+ Ke6 39. Nb7 Rd5 40. Be3 Nf5 41. Nxc5+ Nxc5 42. Bxc5 h5 43. a4 a5 44. h3 Ke5 45. Rc6 Ke4 46. Re6+ Kd3 47. Bb6 Kc4 48. g4 hxg4 49. hxg4 Nd6 50. Bxa5 f5 51. Bc7 Ne4 52. gxf5 Nc5 53. Rc6 Kb3 54. a5 1-0

[Event "Camp. cubano KO"]
[Site "Santa Clara CUB"]
[Date "2007.01.20"]
[Round "1.2"]
[White "Hernandez, Hold"]
[Black "Arencibia, W."]
[Result "0-1"]
[WhiteElo "2543"]
[BlackElo "2549"]
[PlyCount "44"]
[EventDate "2007.01.19"]
[Source "www.chesslib.no"]
[SourceDate "2004.05.04"]

1. Nf3 d5 2. c4 d4 3. e3 Nc6 4. b4 Bg4 5. Qa4 Bxf3 6. gxf3 e6 7. Na3 dxe3 8. fxe3 Qh4+ 9. Kd1 Qf6 10. Nb5 Qxf3+ 11. Ke1 Be7 12. h4 Qxh1 13. Nxc7+ Kf8 14. Nxa8 Bxh4+ 15. Ke2 Ne5 16. d4 Qf3+ 17. Kd2 Qxf1 18. dxe5 Be1+ 19. Kc2 Qxc4+ 20. Kd1 Bc3 21. Qd7 Qd5+ 22. Qxd5 exd5 0-1

[Event "4 Open"]
[Site "Lido Estensi"]
[Date "2003.06.12"]
[Round "6"]
[White "Roeder, Mathias"]
[Black "Khenkin, Igor"]
[Result "1/2-1/2"]
[WhiteElo "2447"]
[BlackElo "2644"]
[PlyCount "49"]
[EventDate "2003.06.06"]
[Source "Roberto Alvarez"]
[SourceDate "2003.06.23"]

1. Nf3 d5 2. c4 d4 3. b4 g6 4. d3 Bg7 5. g3 e5 6. Bg2 Ne7 7. O-O O-O 8. Bb2 a5 9. b5 c5 10. bxc6 Nexc6 11. Na3 Na6 12. Nb5 Re8 13. Ba3 Nab4 14. Nd2 Bf8 15. Bc1 f5 16. Nf3 h6 17. a3 Na6 18. e3 dxe3 19. fxe3 e4 20. dxe4 Qxd1 21. Rxd1 fxe4 22. Nfd4 Bg4 23. Rf1 Nxd4 24. exd4 Be2 25. Rxf8+ 1/2-1/2

[Event "Linares Anibal op 3rd"]
[Site "Linares"]
[Date "1996.??.??"]
[Round "?"]
[White "Shchekachev, Andrei"]
[Black "Lobron, Eric"]
[Result "1-0"]
[WhiteElo "2500"]
[BlackElo "2590"]
[PlyCount "75"]
[EventDate "1996.01.??"]
[Source "ChessBase"]

1. Nf3 d5 2. c4 d4 3. g3 g6 4. b4 Bg7 5. d3 e5 6. Nbd2 Ne7 7. Bg2 Nd7 8. O-O O-O 9. a4 Rb8 10. Ba3 Re8 11. b5 Bf8 12. Ne4 Nf5 13. Bxf8 Nxf8 14. Qd2 Nd6 15. Nc5 f6 16. Ne1 b6 17. Nb3 a5 18. bxa6 Bxa6 19. a5 Ne6 20. Bc6 Re7 21. Nc2 bxa5 22. Nxa5 Nb7 23. Rfb1 Nbc5 24. Nb4 Rb6 25. Bd5 Re8 26. Nxa6 Rxa6 27. Kg2 Kg7 28. Nb7 Rxa1 29. Nxd8 Rxb1 30. Nxe6+ Nxe6 31. Qa5 Re7 32. Bxe6 Rxe6 33. Qxc7+ Kh6 34. Qc8 Rbb6 35. Qf8+ Kh5 36. Qg7 Kg5 37. Qxh7 e4 38. Qh4+ 1-0

[Event "AUT Team Ch 9495"]
[Site "Austria"]
[Date "1995.??.??"]
[Round "?"]
[White "Fauland, Alexander"]
[Black "Sokolov, Ivan"]
[Result "1-0"]
[WhiteElo "2445"]
[BlackElo "2645"]
[PlyCount "71"]
[EventDate "1994.??.??"]
[Source "www.chesslib.no"]
[SourceDate "2004.05.04"]

1. Nf3 d5 2. c4 d4 3. e3 dxe3 4. fxe3 g6 5. Be2 Bg7 6. O-O Nf6 7. Nc3 O-O 8. d4 c5 9. d5 Bg4 10. e4 Nbd7 11. Ng5 Bxe2 12. Qxe2 Ne5 13. Nf3 Nfd7 14. Bg5 h6 15. Nxe5 Nxe5 16. Be3 Qa5 17. Rac1 a6 18. Kh1 Rab8 19. b3 h5 20. Nd1 Rfe8 21. Bf4 e6 22. Ne3 Rbd8 23. Rcd1 Rd6 24. Qf2 Rf8 25. Qg3 Qd8 26. Bxe5 h4 27. Qf4 g5 28. Qf3 Bxe5 29. Ng4 f6 30. dxe6 Kh7 31. Ne3 Kg6 32. e7 Qxe7 33. Nf5 Qc7 34. Nxd6 Bxd6 35. Qf5+ Kh6 36. e5 1-0

[Event "Zuerich 74/6"]
[Site "?"]
[Date "1998.??.??"]
[Round "?"]
[White "Tukmakov, Vladimir B"]
[Black "Ruck, Robert"]
[Result "1-0"]
[WhiteElo "2605"]
[BlackElo "2485"]
[PlyCount "95"]
[EventDate "1998.??.??"]
[Source "ChessBase"]
[SourceDate "1998.10.01"]

1. Nf3 d5 2. c4 d4 3. e3 Nc6 4. exd4 Nxd4 5. Nxd4 Qxd4 6. Nc3 e5 7. d3 Ne7 8. Be2 Qd8 9. O-O Nf5 10. Re1 Be7 11. Bg4 f6 12. Bxf5 Bxf5 13. Qf3 Qxd3 14. Qxb7 O-O 15. Nd5 Bd6 16. b3 a5 17. Be3 Rfb8 18. Qc6 Be4 19. Rad1 Bxd5 20. Qxa8 Rxa8 21. Rxd3 Be4 22. Rdd1 Bc2 23. Rc1 Bb4 24. Rxc2 Bxe1 25. a3 Rd8 26. Kf1 Rd1 27. Ke2 Rb1 28. Bc1 Bxf2 29. Kxf2 Rxb3 30. Ke2 Kf7 31. Kd2 f5 32. Rc3 Rb6 33. Rd3 Rh6 34. Rh3 Rg6 35. Rg3 Rd6+ 36. Rd3 Rh6 37. Rh3 Rg6 38. Rg3 Rd6+ 39. Kc2 f4 40. Rd3 Rh6 41. Bb2 Rxh2 42. Bxe5 Rxg2+ 43. Kc3 g5 44. Bxc7 Rf2 45. c5 g4 46. c6 g3 47. Bb6 Rf1 48. Kd2 1-0

[Event "URS-FL"]
[Site "Ashkhabad"]
[Date "1978.??.??"]
[Round "13"]
[White "Kochiev, Aleksandr V"]
[Black "Kupreichik, Viktor D"]
[Result "1-0"]
[WhiteElo "2555"]
[BlackElo "2530"]
[PlyCount "135"]
[EventDate "1978.10.??"]
[Source "www.chesslib.no"]
[SourceDate "2004.05.04"]

1. Nf3 d5 2. c4 d4 3. g3 Nc6 4. Bg2 e5 5. O-O Nf6 6. d3 Nd7 7. Na3 Be7 8. Nc2 O-O 9. e3 Bf6 10. exd4 exd4 11. b4 Nde5 12. Nxe5 Nxe5 13. Bf4 a5 14. Bxe5 Bxe5 15. b5 Bd6 16. Bd5 Bc5 17. Qf3 Rb8 18. Rfe1 Qg5 19. Re4 h5 20. Nxd4 Bg4 21. Qf4 Qxf4 22. Rxf4 Rbd8 23. Nb3 Bd6 24. Re4 Bf3 25. Rh4 Bg4 26. Nxa5 Be5 27. Rxg4 hxg4 28. Rd1 Ra8 29. Nxb7 Bd4 30. c5 Rfe8 31. b6 Re5 32. Bb3 cxb6 33. c6 Rf5 34. Rd2 Rf6 35. Rc2 Rc8 36. Bd5 Rc7 37. a4 Kf8 38. Kg2 g6 39. f3 Rf5 40. Be4 gxf3+ 41. Bxf3 Be5 42. Rc4 Bf6 43. Nd6 Ra5 44. Nb5 Rxb5 45. axb5 Be5 46. d4 Bd6 47. Ra4 Rc8 48. Ra2 Bc7 49. h4 Ke7 50. g4 Rd8 51. Ra7 Kd6 52. h5 Rg8 53. Kf2 Re8 54. Ra1 Rf8 55. Ke3 Re8+ 56. Kd3 Rg8 57. Rf1 Ke6 58. Bd1 Ke7 59. Bb3 Rf8 60. Ke4 f5+ 61. gxf5 gxh5 62. Rg1 Re8 63. Be6 Kd6 64. d5 h4 65. Rg7 h3 66. Rd7+ Kc5 67. Rxc7 Rh8 68. Ra7 1-0

[Event "X Open"]
[Site "Coria del Rio"]
[Date "2004.02.17"]
[Round "7"]
[White "Paunovic, Dragan"]
[Black "Korneev, Oleg"]
[Result "1/2-1/2"]
[WhiteElo "2517"]
[BlackElo "2566"]
[PlyCount "111"]
[EventDate "2004.02.11"]
[Source "Roberto Alvarez"]
[SourceDate "2004.02.23"]

1. Nf3 d5 2. c4 d4 3. g3 g6 4. Bg2 Bg7 5. O-O e5 6. d3 Ne7 7. a3 O-O 8. e3 Nbc6 9. exd4 Nxd4 10. Nxd4 Qxd4 11. Nc3 Nf5 12. Re1 c6 13. Be3 Nxe3 14. Rxe3 Bf5 15. Be4 Be6 16. Qc2 Rad8 17. Rd1 h5 18. Ree1 Rfe8 19. b4 Bg4 20. Ne2 Qd7 21. a4 Bf6 22. c5 Kg7 23. b5 h4 24. bxc6 bxc6 25. Rb1 hxg3 26. hxg3 Rh8 27. a5 Be6 28. Qa4 Bd5 29. Nc3 Bxe4 30. Qxe4 Qxd3 31. Qxd3 Rxd3 32. Ne4 Rd7 33. a6 Be7 34. Red1 Rd5 35. Rxd5 cxd5 36. Rb7 dxe4 37. Rxe7 Rc8 38. Rxe5 Kf6 39. Rxe4 Rxc5 40. Ra4 Ke6 41. Kg2 Kd6 42. Rb4 f6 43. f4 f5 44. g4 Ra5 45. Kg3 Rxa6 46. gxf5 gxf5 47. Rb5 Ke6 48. Re5+ Kf6 49. Rc5 Ra4 50. Rc6+ Ke7 51. Rc5 Ke6 52. Re5+ Kf6 53. Rc5 Kg6 54. Rc8 Re4 55. Rc6+ Kf7 56. Ra6 1/2-1/2

[Event "Balaton Summer GM"]
[Site "?"]
[Date "2002.06.28"]
[Round "9"]
[White "Pinter Jozsef"]
[Black "Gretarsson Helgi Ass"]
[Result "1/2-1/2"]
[WhiteElo "2560"]
[BlackElo "2521"]
[PlyCount "170"]
[EventDate "2002.??.??"]
[Source "www.chesslib.no"]
[SourceDate "2004.05.04"]

1. Nf3 d5 2. c4 d4 3. g3 Nc6 4. Bg2 e5 5. O-O Nf6 6. d3 Nd7 7. a3 a5 8. e3 Be7 9. Re1 O-O 10. exd4 exd4 11. Nbd2 Nc5 12. Nb3 Ne6 13. Ne5 Nxe5 14. Rxe5 c6 15. Bd2 a4 16. Nc1 Qb6 17. Qc2 Bd7 18. Rb1 Rfe8 19. Re1 Qc7 20. Ne2 Bd6 21. Kh1 c5 22. Ng1 Bc6 23. Nf3 Reb8 24. Kg1 Ra7 25. Rbd1 b6 26. Bc1 Qb7 27. Nh4 Bxg2 28. Nxg2 b5 29. cxb5 Qxb5 30. Nh4 Qb3 31. Qe2 Qd5 32. f4 Nf8 33. Qf3 Qxf3 34. Nxf3 f6 35. Nd2 Kf7 36. Nc4 Bc7 37. Re2 Re8 38. Rde1 Rxe2 39. Rxe2 Nd7 40. Kf2 Rb7 41. Kf3 f5 42. Re1 Rb8 43. h3 h5 44. Kf2 g6 45. Rd1 Nb6 46. Nxb6 Bxb6 47. Rd2 c4 48. dxc4 Rc8 49. Ke2 Rxc4 50. Kd1 h4 51. gxh4 Bd8 52. Rc2 Rxc2 53. Kxc2 Ke6 54. b3 axb3+ 55. Kxb3 Kd5 56. a4 Ba5 57. Kc2 Kc4 58. Bd2 d3+ 59. Kd1 Bc7 60. Be3 Ba5 61. Bd2 Bc7 62. a5 Kb5 63. Ke1 Bd8 64. Kf2 Bf6 65. Ke3 Kc4 66. Be1 Bd4+ 67. Kd2 Bc3+ 68. Kd1 Bd4 69. a6 Be3 70. Bd2 Bf2 71. Bc1 Bb6 72. Bb2 Be3 73. Ba3 Kb5 74. Bc1 Bb6 75. Kd2 Kc4 76. Bb2 Ba5+ 77. Kd1 Bb6 78. Be5 Kb5 79. Kd2 Kxa6 80. Kxd3 Kb5 81. Ke2 Bd8 82. h5 gxh5 83. Bg7 Kc4 84. Bh6 Kd5 85. Kf3 Ba5 1/2-1/2

[Event "RUS-Cup"]
[Site "?"]
[Date "1998.??.??"]
[Round "6"]
[White "Poluljahov Aleksandr"]
[Black "Ulibin Mikhail"]
[Result "0-1"]
[WhiteElo "2505"]
[BlackElo "2575"]
[PlyCount "51"]
[EventDate "1998.??.??"]
[Source "www.chesslib.no"]
[SourceDate "2004.05.04"]

1. Nf3 d5 2. c4 d4 3. g3 g6 4. Bg2 Bg7 5. d3 e5 6. O-O Ne7 7. Nbd2 O-O 8. b4 a5 9. b5 c5 10. bxc6 Nexc6 11. Ne1 Na6 12. Nc2 Be6 13. Ba3 Re8 14. Rb1 Qc7 15. Ne4 Red8 16. Rb5 Rab8 17. f4 exf4 18. Rxf4 Na7 19. Rb3 b5 20. Nf6+ Bxf6 21. Rxf6 bxc4 22. Rxb8 Nxb8 23. Qb1 Nbc6 24. dxc4 Bxc4 25. Qf1 Ne5 26. Ne1 0-1

[Event "Krasnodar op"]
[Site "?"]
[Date "1997.??.??"]
[Round "?"]
[White "Rustemov Alexander"]
[Black "Tregubov Pavel V"]
[Result "0-1"]
[WhiteElo "2550"]
[BlackElo "2525"]
[PlyCount "50"]
[EventDate "1997.??.??"]
[Source "www.chesslib.no"]
[SourceDate "2004.05.04"]

1. Nf3 d5 2. c4 d4 3. g3 Nc6 4. Bg2 e5 5. O-O Nf6 6. d3 Bd6 7. Na3 O-O 8. Nc2 Re8 9. Bg5 h6 10. Bxf6 Qxf6 11. Nd2 Bf8 12. a3 a5 13. b3 Rb8 14. Rb1 b5 15. cxb5 Rxb5 16. Nc4 Bf5 17. Qd2 e4 18. dxe4 Bxe4 19. Bxe4 Rxe4 20. Qd3 Re6 21. Rbd1 Rd5 22. e4 dxe3 23. Qxd5 e2 24. Rfe1 exd1=Q 25. Rxd1 Re2 0-1

[Event "Ano Liosia Open"]
[Site "Ano Liosia GRE"]
[Date "1995.??.??"]
[Round "7"]
[White "Skembris, Spyridon"]
[Black "Boensch, Uwe"]
[Result "1-0"]
[WhiteElo "2525"]
[BlackElo "2550"]
[PlyCount "113"]
[EventDate "1995.??.??"]
[Source "www.chesslib.no"]
[SourceDate "2004.05.04"]

1. Nf3 d5 2. c4 d4 3. b4 g6 4. Bb2 Bg7 5. e4 c6 6. Qa4 Nh6 7. d3 O-O 8. Nbd2 b6 9. g3 a6 10. Bg2 e5 11. O-O Ra7 12. c5 b5 13. Qc2 a5 14. bxa5 Qxa5 15. a4 b4 16. Nb3 Qc7 17. Nfd2 Na6 18. f4 f6 19. Nc4 Be6 20. Bc1 Kh8 21. Bd2 Bg8 22. Bh3 Nf7 23. Be6 Qe7 24. f5 Rb8 25. Nca5 Qe8 26. Bc4 Nc7 27. g4 g5 28. Kg2 Bf8 29. Rh1 Be7 30. h4 gxh4 31. Rxh4 Bd8 32. Rah1 Na8 33. Bxf7 Rxf7 34. Nc4 Ra7 35. a5 Nc7 36. Nd6 Qd7 37. Kf3 Nb5 38. Nxb5 Rxb5 39. g5 fxg5 40. Rh6 Qf7 41. Rxc6 Rb8 42. Re6 Re7 43. Rxe7 Bxe7 44. c6 Qxb3 45. Qxb3 Bxb3 46. c7 Rc8 47. Rc1 Ba4 48. f6 Bd6 49. a6 Bd7 50. Rb1 Bxc7 51. Rxb4 Ba5 52. Rb1 Bc7 53. a7 Ra8 54. Rb7 Bd6 55. Rxd7 Bc5 56. Rb7 h6 57. Rb8+ 1-0

[Event "67th ch-GEO KO"]
[Site "Tbilisi GEO"]
[Date "2008.03.18"]
[Round "2.1"]
[White "Pantsulaia, L."]
[Black "Jobava, Be"]
[Result "1-0"]
[WhiteElo "2629"]
[BlackElo "2446"]
[PlyCount "114"]
[EventDate "2008.03.15"]
[Source "www.chesslib.no"]
[SourceDate "2004.05.04"]

1. Nf3 d5 2. c4 d4 3. g3 Nc6 4. Bg2 g6 5. O-O Bg7 6. d3 Nh6 7. b4 Nxb4 8. Qa4+ Nc6 9. Ne5 O-O 10. Nxc6 bxc6 11. Nd2 Rb8 12. Qxa7 Rb6 13. a4 e5 14. a5 Ra6 15. Qb8 Bg4 16. Qxd8 Rxd8 17. Re1 Rda8 18. Ne4 f5 19. Ng5 Nf7 20. Nxf7 Kxf7 21. Bd2 Bf8 22. f3 Bh5 23. Bh3 g5 24. Bxf5 Bg6 25. Be4 Bxe4 26. fxe4 Be7 27. Rab1 Ke6 28. Rf1 R6a7 29. Kg2 Rg8 30. Rb3 Raa8 31. Rb7 Rab8 32. Rfb1 Rxb7 33. Rxb7 Kd7 34. Rb1 g4 35. Bh6 Ra8 36. Rf1 Ke6 37. Ra1 Ra6 38. Bd2 Ra8 39. h3 h5 40. hxg4 hxg4 41. Rb1 Rh8 42. Rb3 Kd7 43. Rb2 Bd6 44. Ra2 Be7 45. a6 Ra8 46. Ra5 c5 47. a7 Bd6 48. Ra1 Kc6 49. Bh6 Kb7 50. Bg7 Rg8 51. Bf6 Rf8 52. Rf1 Rg8 53. Rf5 Re8 54. Rg5 Rf8 55. Bxe5 Kxa7 56. Bxd6 cxd6 57. Rxg4 Kb6 1-0

[Event "New York Open"]
[Site "New York, NY USA"]
[Date "1989.??.??"]
[Round "5"]
[White "Polugaevsky, Lev A"]
[Black "Campora, Daniel H"]
[Result "1-0"]
[WhiteElo "2575"]
[BlackElo "2500"]
[PlyCount "42"]
[EventDate "1989.03.??"]
[Source "www.chesslib.no"]
[SourceDate "2004.05.04"]

1. Nf3 d5 2. c4 d4 3. b4 c5 4. e3 dxe3 5. fxe3 cxb4 6. d4 e6 7. Bd3 Nc6 8. Bb2 f5 9. Nbd2 e5 10. d5 e4 11. Nxe4 fxe4 12. Bxe4 Nf6 13. Bxf6 Qxf6 14. dxc6 bxc6 15. O-O Bd7 16. Nd4 Qe5 17. Bxc6 O-O-O 18. Qa4 a5 19. Bxd7+ Rxd7 20. Qc6+ Qc7 21. Qf3 Qb7 1-0

[Event "Yerevan"]
[Site "Erevan ARM"]
[Date "1982.??.??"]
[Round "1"]
[White "Espig, Lutz"]
[Black "Tal, Mikhail N"]
[Result "0-1"]
[WhiteElo "2470"]
[BlackElo "2605"]
[PlyCount "72"]
[EventDate "1982.??.??"]
[Source "www.chesslib.no"]
[SourceDate "2004.05.04"]

1. Nf3 d5 2. c4 d4 3. e3 Nc6 4. exd4 Nxd4 5. Nxd4 Qxd4 6. Nc3 e5 7. d3 Ne7 8. Qe2 Bd7 9. Be3 Qd6 10. O-O-O O-O-O 11. d4 exd4 12. Bxd4 Qa6 13. Bc5 Nf5 14. Bxf8 Rhxf8 15. Kb1 Ba4 16. Rxd8+ Rxd8 17. Qg4 Qe6 18. Be2 Rd2 19. Rc1 g6 20. Bf3 Bc6 21. Bxc6 Qxc6 22. Nd5 Qc5 23. Qe4 b6 24. Nf6 c6 25. Qe8+ Rd8 26. Qxf7 Qd6 27. Ne8 Qd3+ 28. Ka1 Rd7 29. Qe6 Kb7 30. a3 Re7 31. Qg8 Nd4 32. Nd6+ Ka6 33. Qc8+ Ka5 34. b4+ Ka4 35. Qa6+ Kb3 36. Rb1+ Qxb1+ 0-1

[Event "It (cat.9)"]
[Site "Madrid (Spain)"]
[Date "2007.04.21"]
[Round "2"]
[White "Hernandez Holden (CUB)"]
[Black "Campora Daniel H (ARG)"]
[Result "0-1"]
[WhiteElo "2541"]
[BlackElo "2532"]
[PlyCount "80"]
[EventDate "2007.??.??"]
[Source "www.chesslib.no"]
[SourceDate "2004.05.04"]

1. Nf3 d5 2. c4 d4 3. g3 g6 4. Bg2 Bg7 5. O-O e5 6. d3 Ne7 7. Na3 O-O 8. Nc2 a5 9. b3 c5 10. a3 Nbc6 11. Rb1 Rb8 12. Nd2 f5 13. b4 b6 14. bxc5 bxc5 15. Rxb8 Nxb8 16. e3 Qb6 17. exd4 cxd4 18. a4 Bd7 19. Na3 Nec6 20. Nb5 Nb4 21. Nb3 N8a6 22. Ba3 Re8 23. Qd2 Bf8 24. Re1 Nc5 25. Nxc5 Bxc5 26. h4 Bc6 27. f3 Qb7 28. Rf1 Qe7 29. Bxb4 Bxb4 30. Qd1 f4 31. Kf2 Rf8 32. Rh1 fxg3+ 33. Kxg3 e4 34. dxe4 Qe5+ 35. Kf2 Bxe4 36. Re1 Bxe1+ 37. Qxe1 Rxf3+ 38. Bxf3 Qh2+ 39. Kf1 Qh3+ 40. Ke2 Qxf3+ 0-1

[Event "XXIV Open"]
[Site "Cappelle La Grande FRA"]
[Date "2008.02.20"]
[Round "6"]
[White "Burmakin, V."]
[Black "Salgado Lopez, I."]
[Result "1/2-1/2"]
[WhiteElo "2611"]
[BlackElo "2459"]
[PlyCount "48"]
[EventDate "2008.02.16"]
[Source "www.chesslib.no"]
[SourceDate "2004.05.04"]

1. Nf3 d5 2. c4 d4 3. b4 g6 4. Bb2 Bg7 5. d3 e5 6. g3 Ne7 7. Bg2 O-O 8. O-O a5 9. a3 c5 10. bxc5 Na6 11. a4 Nxc5 12. Na3 Nc6 13. Nb5 Re8 14. Nd2 Bf5 15. Ba3 Bf8 16. Nb3 Nxb3 17. Qxb3 Bxa3 18. Qxa3 Nb4 19. Qb2 Qe7 20. c5 Rec8 21. Rac1 Rxc5 22. Rxc5 Qxc5 23. Bxb7 Rb8 24. Rc1 Qb6 1/2-1/2

[Event "Zadar Open"]
[Site "Zadar CRO"]
[Date "1995.??.??"]
[Round "?"]
[White "Cebalo, Miso"]
[Black "Zelcic, Robert"]
[Result "0-1"]
[WhiteElo "2570"]
[BlackElo "2500"]
[PlyCount "94"]
[EventDate "1995.??.??"]
[Source "www.chesslib.no"]
[SourceDate "2004.05.04"]

1. Nf3 d5 2. c4 d4 3. g3 g6 4. Bg2 Bg7 5. d3 e5 6. b4 Ne7 7. O-O O-O 8. a4 Nd7 9. Ba3 Re8 10. Nbd2 Rb8 11. b5 b6 12. Ne1 Bb7 13. Bxb7 Rxb7 14. Nc2 c5 15. bxc6 Nxc6 16. Rb1 Bf8 17. Bxf8 Rxf8 18. Nb4 Nxb4 19. Rxb4 Nc5 20. a5 Qe7 21. Qb1 Rfb8 22. axb6 Rxb6 23. Rxb6 Rxb6 24. Qa2 Ra6 25. Qc2 Qc7 26. Rb1 Rb6 27. Rb5 a6 28. Ra5 Kg7 29. Qa2 Rb4 30. Qa3 Qb6 31. Nf3 e4 32. dxe4 Rxc4 33. Qa2 Rb4 34. Ne5 Rb3 35. Nc4 Qb4 36. Nd6 d3 37. exd3 Nxd3 38. Rxa6 Nxf2 39. Qa1+ Rb2 40. Nc4 Nh3+ 41. Kh1 Nf2+ 42. Kg2 Nd1+ 43. Nxb2 Qxe4+ 44. Kf1 Qf3+ 45. Ke1 Nc3 46. Kd2 Ne4+ 47. Kc1 Qc3+ 0-1

[Event "Skanska Open"]
[Site "Pardubice"]
[Date "2004.07.25"]
[Round "3"]
[White "Cvek, Robert"]
[Black "Najer, Evgeniy"]
[Result "1-0"]
[WhiteElo "2461"]
[BlackElo "2608"]
[PlyCount "103"]
[EventDate "2004.07.23"]
[Source "Roberto Alvarez"]
[SourceDate "2004.08.10"]

1. Nf3 d5 2. c4 d4 3. g3 g6 4. Bg2 Bg7 5. O-O e5 6. d3 Ne7 7. b4 O-O 8. Nbd2 a5 9. b5 c5 10. bxc6 Nexc6 11. Rb1 Nb4 12. Rb2 N8a6 13. a3 Nc6 14. Ne1 Ra7 15. Nb3 f5 16. Nc2 Re8 17. Rb1 a4 18. Nba1 Qd6 19. Nb4 Nc5 20. Nac2 Nb3 21. e3 Nxc1 22. Qxc1 Bh6 23. Nd5 dxe3 24. fxe3 Rf8 25. Kh1 Bg5 26. Qe1 h5 27. Ncb4 Na5 28. Qf2 Nb3 29. Rbd1 Be6 30. d4 exd4 31. exd4 b6 32. Rfe1 Bc8 33. h4 Bh6 34. Nc6 Rg7 35. Nxb6 Qxa3 36. c5 Ba6 37. Nd5 Bb5 38. Ne5 Kh7 39. Bf1 Bxf1 40. Rxf1 Nd2 41. Rxd2 Bxd2 42. Qxd2 Qxg3 43. Nf3 f4 44. Qg2 a3 45. c6 Ra7 46. c7 Kg7 47. Qxg3 fxg3 48. Kg2 a2 49. Ra1 Ra3 50. Nf4 Kf6 51. d5 Ke7 52. Nxg6+ 1-0